Manchester United most expensive sales - Statistics

General Stats
  • This quiz has been taken 191 times
  • The average score is 7 of 10
Answer Stats
Sold to Season Price (€) Player % Correct
Real Madrid 09/10 94 million Cristiano Ronaldo
99%
Internazionale 19/20 74 million Romelu Lukaku
90%
Real Madrid 03/04 37.5 million David Beckham
84%
Napoli 24/25 30.5 million Scott McTominay
77%
Paris Saint-Germain 15/16 63 million Ángel Di María
74%
Leeds United 21/22 29.1 million Dan James
67%
Olympique Marseille 24/25 26 million Mason Greenwood
67%
Arsenal 17/18 34 million Henrikh Mkhitaryan
51%
Lazio 01/02 25.75 million Jaap Stam
39%
Everton 16/17 23 million Morgan Schneiderlin
29%
No matching quizzes found
Score Distribution
Percent of People with Each Score
Percentile by Number Answered
Your Score History
You have not taken this quiz